| 000 | 00470nam a22001937a 4500 | ||
|---|---|---|---|
| 005 | 20260130160747.0 | ||
| 008 | 260129b |||||||| |||| 00| 0 eng d | ||
| 020 |
_a9789364132817 _cRs. 1995.00 |
||
| 040 | _aMAIN | ||
| 082 |
_a954 _bP882H |
||
| 100 | _aPradhan, K T S | ||
| 245 | _aHistory of India | ||
| 260 |
_bArihant Books _c2025 _aNew Delhi |
||
| 300 | _aviii, 272 | ||
| 650 | _aHistory | ||
| 650 | _aIndian History | ||
| 650 | _aCivilization | ||
| 942 | _cBK | ||
| 999 |
_c394957 _d394957 |
||